000 00788cam a22002171 4500
001 280458
005 20251211134107.0
008 751120s1966 pauabc b 001 0 eng
050 0 0 _aRT31
_b.J3 1966
082 0 0 _a610.7309
100 1 _aJamieson, Elizabeth M.
_q(Elizabeth Marion)
245 1 0 _aTrends in nursing history: their social, international, and ethical relationships
_c[by] Elizabeth M. Jamieson, Mary F. Sewall [and] Eleanor B. Suhrie.
250 _a6th ed.
260 _aPhiladelphia,
_bSaunders,
_c1966.
300 _axiv, 440 p.
_billus. (part col.), maps, ports.
_c25 cm.
650 0 _aNursing
_xHistory.
650 0 _aCivilization
_xHistory.
700 1 _aSewall, Mary F.
_q(Mary Franklin)
700 1 _aSuhrie, Eleanor B.,
_ejoint author.
942 _2lcc
_cBK
_e6th ed.
_n0
999 _c8553
_d8553